| 000 | 00517nam a2200205Ia 4500 | ||
|---|---|---|---|
| 008 | 210210b2011 xxu||||| |||| 00| 0 eng d | ||
| 020 | _a9789350247563 | ||
| 041 | _aeng | ||
| 082 | _a620.8 DEER | ||
| 100 | _aDEEPA (M A) | ||
| 245 | _aRecent advances in agricultural biotechnology | ||
| 260 |
_aMumbai _bHimalaya Publishing House _c2011 |
||
| 300 | _axiv, 277 | ||
| 650 | _aRecent | ||
| 650 | _abiotechnology | ||
| 650 | _aagricultural | ||
| 650 | _aadvances | ||
| 690 | _aBiotechnology | ||
| 906 | _a074418 | ||
| 999 |
_c125037 _d125037 |
||